Normale Ansicht MARC-Ansicht ISBD

Geschichte der katholischen Kirche in Ungarn / (Titelsatznr. 16470)

[ MARC ]
MARC-Details
000 -Satzkennung
Kontrollfeld mit fester Länge 00573nam a22002051c 4500
001 - Kontrollnummer
Kontrollfeld 38811634X
008 - Feld mit fester Länge zur physischen Beschreibung - Allgemeine Angaben
Kontrollfeld mit fester Länge 080605s2004 gw |||| 000u ger d
020 ## - Internationale Standardbuchnummer
Internationale Standardbuchnummer 3412104043
Verknüpfung 3-412-10404-3
041 ## - Sprachcode
Sprachcode des Textes/der Tonspur oder des separaten Titels ger
040 ## - Katalogisierungsquelle
Übertragungsstelle RU-10907106
003 - Kontrollnummer Identifier
Kontrollfeld RU-10907106
100 1# - Haupteintragung - Personenname
Personenname Adriányi, Gabriel
245 00 - Titel
Titel Geschichte der katholischen Kirche in Ungarn /
Verfasserangabe etc. von Gabriel Adrianyi
264 ## - Produktion, Veröffentlichung, Distribution, Herstellung und Urheberrechtsvermerk
Herstellungs-, Veröffentlichungs- Vertriebs-, Erzeugungsort Köln :
Produzent, Herausgeber, Distributor, Hersteller Böhlau,
Datum der Herstellung, der Veröffentlichung, des Vertriebs oder des Urheberschutzvermerks 2004
300 ## - Physische Beschreibung
Umfang XIV, 314 S. : Kt
490 #0 - Gesamttitelangabe
Gesamttitelangabe Bonner Beiträge zur Kirchengeschichte
Bandnummer/Folgebezeichnung 26
650 #0 - Nebeneintragung unter einem Schlagwort - Sachschlagwort
Sachschlagwort oder geografischer Name als Eintragungselement Katholische Kirche
651 #0 - Nebeneintragung unter einem Schlagwort - Geografischer Name
Geografischer Name Ungarn
942 ## - Zusätzliche Felder (Koha)
Koha-Medientyp Monographien
Exemplare
Ausgeschieden Verloren Klassifikation oder Aufstellungssystematik Beschädigt Nicht entleihbar Heimatbibliothek Aufenthaltsbibliothek Aufstellungsort Erwerbungsdatum Inventarnummer Signatur Barcode Letzte Aktivität Preis gültig von Koha-Medientyp
    Andere/Generische Klassifikation     MWN Osteuropa MWN Osteuropa Lesesaal - 1 05/06/2008 08-03880 W 10 F l Adr E00401506CBDF5FF 22/02/2021 22/03/2021 Monographien